[Event "Veletrzni turnaj 2018"]
[Site "Střední škola informatiky, "]
[Date "2018.08.26"]
[Round "2.25"]
[White "Ivanov, Mikhail"]
[Black "Licka, Vlastimil"]
[Result "0-1"]
[WhiteElo "1481"]
[BlackElo "1900"]
[PlyCount "60"]
[EventDate "2018.08.26"]

1. e4 c5 2. Nf3 Nc6 3. d4 cxd4 4. Nxd4 Qb6 5. Nb3 e6 6. Be3 Qc7 7. N1d2 Nf6 8.
Nd4 a6 9. N4f3 d6 10. e5 dxe5 11. Nc4 Nd7 12. Ng5 b5 13. Qf3 Nf6 14. Nxe5 Bb7
15. Nxc6 Bxc6 16. Bf4 Qa5+ 17. Bd2 Qxd2+ 18. Kxd2 Bxf3 19. Nxf3 Bc5 20. Bd3
Bxf2 21. Rad1 Ke7 22. c3 Rhd8 23. Kc2 Ng4 24. Kc1 Be3+ 25. Kc2 Nf2 26. Bxh7
Nxd1 27. Rxd1 Rxd1 28. Kxd1 g6 29. Ke2 Bc1 30. b3 Rh8 0-1

[Event "Veletrzni turnaj 2018"]
[Site "Střední škola informatiky, "]
[Date "2018.08.26"]
[Round "2.26"]
[White "Veznik, Michael"]
[Black "Rychtecky, Pavel"]
[Result "0-1"]
[WhiteElo "1857"]
[BlackElo "1522"]
[PlyCount "96"]
[EventDate "2018.08.26"]

1. b4 Nf6 2. Bb2 e6 3. b5 d5 4. e3 Be7 5. f4 O-O 6. Nf3 Nbd7 7. Be2 c5 8. O-O
Qb6 9. c4 Qc7 10. Qb3 Nb6 11. d3 Ng4 12. Bc1 Bd7 13. h3 Nf6 14. Ne5 a6 15. Bb2
axb5 16. cxb5 Ra5 17. a4 Rfa8 18. Nc3 d4 19. exd4 cxd4 20. Ne4 Rxa4 21. Rxa4
Rxa4 22. Rc1 Qd8 23. Nc5 Ra7 24. Bxd4 Nfd5 25. Ncxd7 Ra3 26. Qc2 Nxd7 27. Nxd7
Ra8 28. Ne5 Nxf4 29. Bf2 Bg5 30. Rd1 Qd5 31. Nf3 Bf6 32. Rd2 Qh5 33. d4 Qd5 34.
Bd1 g6 35. Be3 Nh5 36. Ne5 Ng7 37. Bf3 Ra1+ 38. Kh2 Bxe5+ 39. dxe5 Qxe5+ 40. g3
Nf5 41. Bf4 Qe1 42. Rd1 Rxd1 43. Bxd1 e5 44. Bxe5 Qxe5 45. Qb3 h5 46. Bf3 Qxg3+
47. Kh1 Qxh3+ 48. Kg1 Nd4 0-1

[Event "Veletrzni turnaj 2018"]
[Site "Střední škola informatiky, "]
[Date "2018.08.26"]
[Round "2.27"]
[White "Macurek, Miloslav"]
[Black "Vavrinkova, Anna"]
[Result "1-0"]
[WhiteElo "1850"]
[BlackElo "1456"]
[PlyCount "85"]
[EventDate "2018.08.26"]

1. e4 c5 2. Nf3 Nc6 3. d4 cxd4 4. Nxd4 g6 5. Be3 Bg7 6. Nc3 d6 7. Bc4 Nf6 8.
Qd2 Ng4 9. Nxc6 bxc6 10. Bd4 e5 11. Be3 Nxe3 12. Qxe3 O-O 13. h4 Bb7 14. O-O-O
Qe7 15. h5 Bf6 16. Kb1 Kh8 17. hxg6 fxg6 18. Rh2 Rad8 19. Rdh1 Rd7 20. Qg3 Bg5
21. Ne2 d5 22. Bd3 dxe4 23. Bxe4 Qf6 24. f3 Ba6 25. Qg4 Rb7 26. Nc3 Bf4 27. g3
Bg5 28. Na4 Rc7 29. Qh3 Rb8 30. Nc5 Bc8 31. Qf1 Rb5 32. Qc4 Qd6 33. Nd3 Be6 34.
Qa4 Kg8 35. c4 Rbb7 36. Qc2 Qd4 37. Nxe5 Qxe5 38. f4 Bxf4 39. gxf4 Qxf4 40.
Bxg6 hxg6 41. Qxg6+ Kf8 42. Qxe6 Rh7 43. Qc8+ 1-0

[Event "Veletrzni turnaj 2018"]
[Site "Střední škola informatiky, "]
[Date "2018.08.26"]
[Round "2.28"]
[White "Vachek, Jiri"]
[Black "Prokop, Martin"]
[Result "0-1"]
[WhiteElo "1839"]
[BlackElo "1416"]
[PlyCount "104"]
[EventDate "2018.08.26"]

1. d4 d5 2. c4 c6 3. e3 Nf6 4. Nc3 g6 5. Nf3 Bg4 6. Be2 Bg7 7. c5 O-O 8. h3 Bf5
9. Nd2 Nbd7 10. g4 Be6 11. g5 Ne8 12. Bg4 f5 13. gxf6 Bxg4 14. hxg4 Nexf6 15.
f4 e6 16. Qe2 b6 17. cxb6 axb6 18. e4 dxe4 19. Ndxe4 Re8 20. Ng3 Nd5 21. Qh2
Nf8 22. Bd2 Bxd4 23. O-O-O Qf6 24. Nge4 Qg7 25. g5 Red8 26. Kb1 b5 27. Qh3 b4
28. Nxd5 cxd5 29. Nf6+ Bxf6 30. gxf6 Qxf6 31. Bxb4 Qf5+ 32. Rd3 Qxh3 33. Rdxh3
Rd7 34. Re1 Rf7 35. Bd6 Ra6 36. Be5 Nd7 37. a3 Nxe5 38. fxe5 h5 39. Rg1 Rg7 40.
b4 Kh7 41. Kb2 Kh6 42. Rgh1 Rf7 43. Kb3 Rfa7 44. Kb2 d4 45. Ra1 g5 46. Kb3 h4
47. a4 Kh5 48. Kc4 Rxa4 49. Rxa4 Rxa4 50. Rd3 g4 51. Rxd4 h3 52. Rd8 Kg5 0-1

[Event "Veletrzni turnaj 2018"]
[Site "Střední škola informatiky, "]
[Date "2018.08.26"]
[Round "2.29"]
[White "Wunsch, Radek"]
[Black "Vaculik, Martin"]
[Result "1-0"]
[WhiteElo "1827"]
[BlackElo "1410"]
[PlyCount "59"]
[EventDate "2018.08.26"]

1. e4 c5 2. Nf3 d6 3. c3 Nf6 4. Be2 Nc6 5. d4 cxd4 6. cxd4 e6 7. Nc3 d5 8. e5
Nd7 9. O-O Be7 10. Be3 a6 11. Rc1 O-O 12. Bd3 h6 13. Qd2 g5 14. Bb1 f5 15. exf6
Bxf6 16. Qd3 Qe7 17. Rfe1 Nb6 18. b3 Bd7 19. Ne2 Qf7 20. Ng3 Nb4 21. Qd2 Nc6
22. Ne5 Nxe5 23. dxe5 Bd8 24. Qb4 a5 25. Qg4 Nc8 26. f4 Qg7 27. Nh5 Qf7 28.
fxg5 hxg5 29. Rf1 Qe7 30. Nf6+ 1-0

[Event "Veletrzni turnaj 2018"]
[Site "Střední škola informatiky, "]
[Date "2018.08.26"]
[Round "2.30"]
[White "Pelikan, Jaromir"]
[Black "Ulcak, Michael"]
[Result "1-0"]
[WhiteElo "1813"]
[BlackElo "1404"]
[PlyCount "61"]
[EventDate "2018.08.26"]

1. d4 Nf6 2. Bf4 g6 3. Nc3 Bg7 4. e4 d6 5. Nf3 O-O 6. Qd2 Bg4 7. O-O-O Nbd7 8.
Qe3 c5 9. dxc5 e5 10. Bg5 Nxc5 11. Be2 Qc7 12. Bxf6 Bxf6 13. Kb1 Bg7 14. Nb5
Qa5 15. Nxd6 Qb4 16. a3 Qb6 17. Nc4 Qc6 18. Nfxe5 Qxe4 19. Qxe4 Nxe4 20. Nxg4
f5 21. f3 fxg4 22. fxe4 Rac8 23. Bxg4 Rce8 24. Nd6 Re7 25. Bf3 Rd8 26. h4 Be5
27. Nc4 Rxd1+ 28. Rxd1 b5 29. Nxe5 Rxe5 30. Rd5 Rxd5 31. exd5 1-0

[Event "Veletrzni turnaj 2018"]
[Site "Střední škola informatiky, "]
[Date "2018.08.26"]
[Round "2.31"]
[White "Dumek, Ales"]
[Black "Volak, Simon"]
[Result "0-1"]
[WhiteElo "1312"]
[BlackElo "1803"]
[PlyCount "74"]
[EventDate "2018.08.26"]

1. Nf3 d5 2. d4 Nf6 3. b3 Bf5 4. Bb2 e6 5. Nbd2 c5 6. e3 Nc6 7. c3 Bd6 8. g3
O-O 9. Bg2 cxd4 10. Nxd4 Nxd4 11. exd4 Rb8 12. O-O b5 13. a4 a6 14. axb5 axb5
15. b4 Qb6 16. Re1 Ra8 17. Kh1 Qb7 18. Kg1 Rxa1 19. Bxa1 Ra8 20. Qb3 Nd7 21.
Bb2 Nb6 22. Ra1 Rxa1+ 23. Bxa1 Qa6 24. Bb2 Bd3 25. f4 Be7 26. Kf2 g5 27. Ke3
Bc4 28. Qd1 Qa2 29. Qb1 Qa4 30. Bf3 Qa7 31. Bh5 Bd8 32. Nf3 Qa2 33. Bxf7+ Kg7
34. Qc1 Kxf7 35. Ne5+ Kg7 36. Nc6 Bf6 37. Ne5 Na4 0-1

[Event "Veletrzni turnaj 2018"]
[Site "Střední škola informatiky, "]
[Date "2018.08.26"]
[Round "2.32"]
[White "Haupt, Jaromir"]
[Black "Svoboda, Daniel"]
[Result "1-0"]
[WhiteElo "1795"]
[BlackElo "1278"]
[PlyCount "84"]
[EventDate "2018.08.26"]

1. d3 e5 2. Nf3 Nc6 3. c4 Nf6 4. Nc3 Bb4 5. Bd2 Be7 6. g3 d6 7. Bg2 Be6 8. O-O
O-O 9. a3 a6 10. b4 a5 11. b5 Na7 12. Ng5 Rb8 13. Nxe6 fxe6 14. Bh3 Qd7 15. b6
cxb6 16. Qb3 Bd8 17. Rab1 Re8 18. Be3 Nc8 19. Na4 Qc6 20. Nxb6 Nxb6 21. Bxb6 a4
22. Qb5 Qxb5 23. Rxb5 Bxb6 24. Rxb6 Re7 25. Rxd6 Rbe8 26. Rb1 Kf7 27. Bg2 Rb8
28. Rdb6 Ra8 29. Rxb7 Rxb7 30. Rxb7+ Ke8 31. Bc6+ Kf8 32. Rb4 Rc8 33. Bxa4 Ke7
34. Rb7+ Kf8 35. h3 g6 36. Kf1 Ra8 37. Rb4 Ke7 38. Ke1 Kd6 39. Rb6+ Ke7 40. Rb4
Kd6 41. Kd2 e4 42. d4 g5 1-0

[Event "Veletrzni turnaj 2018"]
[Site "Střední škola informatiky, "]
[Date "2018.08.26"]
[Round "2.33"]
[White "Jurak, Stanislav"]
[Black "Ivanov, Alexandr"]
[Result "1-0"]
[WhiteElo "1778"]
[BlackElo "1016"]
[PlyCount "53"]
[EventDate "2018.08.26"]

1. d4 d5 2. c4 Nf6 3. Nc3 Nc6 4. e3 e5 5. dxe5 Nxe5 6. cxd5 Bb4 7. Bd2 Nxd5 8.
Nxd5 Qxd5 9. Bxb4 Be6 10. Qxd5 Bxd5 11. f3 O-O-O 12. Bc3 Nc4 13. Bxc4 Bxc4 14.
b3 Be6 15. Ne2 Rhg8 16. Kf2 g5 17. Rhd1 Rge8 18. Rxd8+ Rxd8 19. Bf6 Rd5 20. e4
Rd6 21. Bxg5 Bd7 22. Rc1 c6 23. Be3 Kb8 24. Rc2 Be6 25. Rd2 Rd7 26. Rxd7 Bxd7
27. Nf4 1-0

[Event "Veletrzni turnaj 2018"]
[Site "Střední škola informatiky, "]
[Date "2018.08.27"]
[Round "3.1"]
[White "Bullen, Alex"]
[Black "Pokladnik, Martin"]
[Result "1-0"]
[WhiteElo "2120"]
[BlackElo "1957"]
[PlyCount "101"]
[EventDate "2018.08.26"]

1. d4 Nf6 2. Nf3 e6 3. Bf4 c5 4. e3 d5 5. c3 Nc6 6. Nbd2 Qb6 7. Qc2 Bd7 8. Rc1
cxd4 9. exd4 Be7 10. Bd3 Rc8 11. Qb1 h6 12. O-O Nh5 13. Be3 Bd6 14. c4 Qd8 15.
Rfe1 O-O 16. Ne5 Bxe5 17. dxe5 d4 18. Bh7+ Kh8 19. Bxh6 gxh6 20. Ne4 f5 21.
exf6 Nxf6 22. Bg6 Qe7 23. Ng3 Qg7 24. Qd3 a5 25. a3 Rg8 26. Be4 Nxe4 27. Rxe4
e5 28. Qd2 Qg5 29. f4 exf4 30. Rxf4 Rcf8 31. Rcf1 Rxf4 32. Rxf4 Re8 33. Qf2
Re1+ 34. Nf1 Re7 35. Ng3 Kg7 36. h4 Qg6 37. h5 Qe8 38. Rf6 Ne5 39. Qf4 Ng4 40.
Rg6+ Kh7 41. Rxg4 Bxg4 42. Qxg4 Rg7 43. Qf5+ Kh8 44. Ne4 Qe7 45. Qf4 Rh7 46.
Qb8+ Kg7 47. Qg3+ Kf8 48. Qb8+ Kf7 49. Qf4+ Ke6 50. g4 Qc7 51. Qf5+ 1-0

[Event "Veletrzni turnaj 2018"]
[Site "Střední škola informatiky, "]
[Date "2018.08.27"]
[Round "3.2"]
[White "Jires, Jiri"]
[Black "Khadash, Kamil"]
[Result "1-0"]
[WhiteElo "2029"]
[BlackElo "1701"]
[PlyCount "65"]
[EventDate "2018.08.26"]

1. e4 Nc6 2. Nf3 e5 3. Bc4 Nf6 4. d4 exd4 5. e5 d5 6. Bb5 Ne4 7. Nxd4 Bd7 8.
Bxc6 bxc6 9. O-O Bc5 10. Be3 Qe7 11. f3 Ng5 12. f4 Ne4 13. Nd2 Nxd2 14. Qxd2
Bb6 15. Nb3 O-O 16. Rae1 g6 17. Qc3 Rad8 18. Nc5 Be6 19. Bd4 h5 20. b4 Rfe8 21.
Re3 Bxc5 22. Bxc5 Qd7 23. Qd4 a6 24. Ra3 Ra8 25. Qf2 Bf5 26. Bd4 Be4 27. Rg3
Kh7 28. Rg5 Rg8 29. Qh4 Qe6 30. g4 Rg7 31. f5 Qd7 32. f6 Rgg8 33. Rxh5+ 1-0

[Event "Veletrzni turnaj 2018"]
[Site "Střední škola informatiky, "]
[Date "2018.08.27"]
[Round "3.3"]
[White "Popper, Tomas"]
[Black "Dvorakova, Olga"]
[Result "1-0"]
[WhiteElo "2025"]
[BlackElo "1626"]
[PlyCount "105"]
[EventDate "2018.08.26"]

1. Nf3 Nf6 2. b3 e6 3. Bb2 b6 4. e3 Bb7 5. Be2 Be7 6. O-O O-O 7. d4 Ne4 8. c4
c5 9. Nbd2 Bf6 10. Qc2 Nxd2 11. Nxd2 d6 12. Rad1 Qc7 13. Ne4 Be7 14. f4 Nd7 15.
d5 h6 16. Rf3 f5 17. Rg3 Nf6 18. Nxf6+ Bxf6 19. dxe6 Rae8 20. Bh5 Rxe6 21. Qxf5
Qe7 22. Bxf6 Rfxf6 23. Qd3 Be4 24. Qd2 Qd8 25. Bf3 Qa8 26. Bxe4 Qxe4 27. Qd3
Kf7 28. Rf3 Qxd3 29. Rxd3 Re4 30. Rd5 Ke6 31. Rg3 b5 32. f5+ Rxf5 33. Rxf5 Kxf5
34. cxb5 g5 35. Rf3+ Kg6 36. Rf8 Rxe3 37. Rd8 Rd3 38. Kf1 Rd2 39. a4 Rd3 40.
Ke2 Rxb3 41. Rxd6+ Kf5 42. Rxh6 Ke4 43. Re6+ Kd4 44. Ra6 g4 45. Rxa7 Rb2+ 46.
Kf1 c4 47. Ke1 c3 48. Kd1 Kd3 49. Rd7+ Kc4 50. Kc1 Rxg2 51. b6 Kb3 52. b7 Rg1+
53. Rd1 1-0

[Event "Veletrzni turnaj 2018"]
[Site "Střední škola informatiky, "]
[Date "2018.08.27"]
[Round "3.4"]
[White "Habina, Martin"]
[Black "Habinova, Alice"]
[Result "1-0"]
[WhiteElo "2002"]
[BlackElo "1396"]
[PlyCount "43"]
[EventDate "2018.08.26"]

1. e4 c5 2. d4 cxd4 3. c3 dxc3 4. Nxc3 Nc6 5. Nf3 d6 6. Bc4 Nf6 7. e5 Nxe5 8.
Nxe5 dxe5 9. Bxf7+ Kxf7 10. Qxd8 g6 11. Bg5 Bg7 12. Qc7 Bg4 13. f3 Be6 14. O-O
Rhc8 15. Qa5 b6 16. Qa3 a5 17. Ne4 h6 18. Bxf6 Bxf6 19. Nxf6 exf6 20. Rac1 h5
21. Rxc8 Rxc8 22. Qe3 1-0

[Event "Veletrzni turnaj 2018"]
[Site "Střední škola informatiky, "]
[Date "2018.08.27"]
[Round "3.5"]
[White "Senasi, Martin"]
[Black "Pokorny, Petr"]
[Result "0-1"]
[WhiteElo "1854"]
[BlackElo "2233"]
[PlyCount "42"]
[EventDate "2018.08.26"]

1. c4 g6 2. Nc3 Bg7 3. g3 Nf6 4. Bg2 O-O 5. b4 c6 6. Rb1 d5 7. c5 d4 8. Ne4 Nd5
9. f4 Bf5 10. Rb3 a5 11. b5 a4 12. Rb1 Qa5 13. Kf2 cxb5 14. a3 Nc6 15. Bb2 Rfd8
16. Nh3 Ne3 17. dxe3 dxe3+ 18. Kxe3 Rxd1 19. Rhxd1 Bxe4 20. Kxe4 Bxb2 21. Rxb2
Qc3 0-1

[Event "Veletrzni turnaj 2018"]
[Site "Střední škola informatiky, "]
[Date "2018.08.27"]
[Round "3.6"]
[White "Dvorak, Adam"]
[Black "Blazek, Pavel"]
[Result "1-0"]
[WhiteElo "2188"]
[BlackElo "1697"]
[PlyCount "67"]
[EventDate "2018.08.26"]

1. d4 d5 2. Nf3 Nf6 3. e3 e6 4. c4 c6 5. Nc3 Nbd7 6. Qc2 Bd6 7. b3 O-O 8. Bb2
Re8 9. Be2 dxc4 10. bxc4 e5 11. O-O exd4 12. exd4 Nf8 13. h3 Ng6 14. Rfd1 Nf4
15. Bf1 Qa5 16. d5 Ba3 17. Bxa3 Qxa3 18. Rab1 cxd5 19. cxd5 Qc5 20. Qd2 Ne4 21.
Nxe4 Rxe4 22. Ng5 Ra4 23. Bb5 Qe7 24. Re1 Be6 25. Nxe6 fxe6 26. g3 Nxh3+ 27.
Kg2 Ra3 28. Kxh3 Rd8 29. Rxe6 Qf7 30. Qg5 Rf8 31. Re7 h6 32. Rxf7 hxg5 33.
Rxf8+ Kxf8 34. d6 1-0

[Event "Veletrzni turnaj 2018"]
[Site "Střední škola informatiky, "]
[Date "2018.08.27"]
[Round "3.7"]
[White "Pavlik, Vladimir"]
[Black "Krejci, Petr"]
[Result "1/2-1/2"]
[WhiteElo "1843"]
[BlackElo "2011"]
[PlyCount "84"]
[EventDate "2018.08.26"]

1. Nf3 d5 2. d3 Nf6 3. Bg5 Nbd7 4. Nbd2 h6 5. Bh4 g5 6. Bg3 Nh5 7. e4 c6 8. Be5
Nxe5 9. Nxe5 Nf6 10. Be2 dxe4 11. dxe4 Be6 12. c3 Qc7 13. Ng4 Bxg4 14. Bxg4 h5
15. Be2 O-O-O 16. Qa4 Kb8 17. g3 g4 18. Rd1 Bh6 19. Nb3 Rxd1+ 20. Bxd1 b5 21.
Qb4 Qd6 22. Bc2 Qxb4 23. cxb4 Nd7 24. Nd4 Ne5 25. b3 Rd8 26. Nf5 Bf8 27. a3 e6
28. Nh4 Be7 29. Ke2 Bxh4 30. gxh4 Nf3 31. Ke3 Nxh4 32. Rd1 Ng2+ 33. Ke2 Nf4+
34. Ke3 Rxd1 35. Bxd1 e5 36. f3 gxf3 37. Kxf3 Kc7 38. Kg3 Kd6 39. Kh4 Ke6 40.
Bxh5 Nxh5 41. Kxh5 f5 42. Kh4 f4 1/2-1/2

[Event "Veletrzni turnaj 2018"]
[Site "Střední škola informatiky, "]
[Date "2018.08.27"]
[Round "3.8"]
[White "Snorek, Milan"]
[Black "Nezval, Filip"]
[Result "1-0"]
[WhiteElo "1956"]
[BlackElo "1659"]
[PlyCount "87"]
[EventDate "2018.08.26"]

1. Nf3 Nf6 2. c4 e6 3. d4 d5 4. g3 Be7 5. Bg2 Nbd7 6. O-O O-O 7. Nbd2 c6 8. Qc2
b6 9. e4 Bb7 10. e5 Ne8 11. cxd5 cxd5 12. Re1 Rc8 13. Qd3 Qc7 14. Bf1 Qb8 15.
h4 h6 16. Nh2 Nc7 17. Qe3 Na6 18. a3 Qc7 19. Bd3 Nab8 20. Ng4 Ba6 21. Bb1 Rfd8
22. Nxh6+ gxh6 23. Qxh6 Nf8 24. Nf3 Nc6 25. Bg5 Bxg5 26. Qxg5+ Kh8 27. Qh5+ Kg8
28. Qg4+ Kh8 29. Ng5 Na5 30. Qf3 Kg8 31. h5 Qe7 32. Qg4 Kh8 33. Re3 Rc1+ 34.
Kh2 Nc4 35. Rf3 Rd7 36. Rf6 Qxf6 37. exf6 Nd2 38. Nf3 Nxf3+ 39. Qxf3 Rxb1 40.
Rxb1 Nh7 41. Qf4 Rd8 42. Qh6 Rg8 43. Rc1 Bc4 44. b3 1-0

[Event "Veletrzni turnaj 2018"]
[Site "Střední škola informatiky, "]
[Date "2018.08.27"]
[Round "3.9"]
[White "Hrdlicka, Vladan"]
[Black "Kosina, Vladimir"]
[Result "0-1"]
[WhiteElo "1827"]
[BlackElo "1705"]
[PlyCount "100"]
[EventDate "2018.08.26"]

1. e4 Nf6 2. e5 Nd5 3. d4 e6 4. Nf3 Be7 5. c4 Nb6 6. Nc3 O-O 7. Bd3 a6 8. O-O
d6 9. Qe2 d5 10. cxd5 exd5 11. Qc2 h6 12. a4 Be6 13. a5 Nc8 14. Be3 Nc6 15. Qd2
f5 16. exf6 Rxf6 17. Ne5 Nb4 18. Be2 Bd6 19. f4 Ne7 20. g4 Qc8 21. f5 Nxf5 22.
gxf5 Bxf5 23. Rxf5 Qxf5 24. Rf1 Qe6 25. Rxf6 Qxf6 26. Bf4 Rf8 27. Bg3 Qf5 28.
Qe1 Qg5 29. Bg4 Re8 30. h4 Qf6 31. Qf1 Qxf1+ 32. Kxf1 c5 33. Bh5 Rf8+ 34. Ke2
cxd4 35. Nd1 Rf5 36. Bg6 Rxe5+ 37. Bxe5 Bxe5 38. Nf2 Kf8 39. Bf5 Nc6 40. Nd3
Bd6 41. b4 Ne7 42. Be6 g6 43. Nc5 Bxc5 44. bxc5 Kg7 45. Kd3 Kf6 46. Bd7 Ke5 47.
Be8 g5 48. hxg5 hxg5 49. Bd7 Nc6 50. Bc8 Nxa5 0-1

[Event "Veletrzni turnaj 2018"]
[Site "Střední škola informatiky, "]
[Date "2018.08.27"]
[Round "3.10"]
[White "Stehlik, Jiri"]
[Black "Bauer, Miroslav"]
[Result "1/2-1/2"]
[WhiteElo "1947"]
[BlackElo "1610"]
[PlyCount "48"]
[EventDate "2018.08.26"]

1. Nf3 d5 2. d4 Nf6 3. g3 e6 4. Bg2 Be7 5. c4 c6 6. O-O dxc4 7. Ne5 O-O 8. Nc3
Nbd7 9. Nxc4 Nd5 10. e4 Nxc3 11. bxc3 b5 12. Ne3 Bb7 13. a4 Qc7 14. Qb3 a6 15.
Rd1 Nb6 16. axb5 cxb5 17. Bd2 Rac8 18. h4 Rfd8 19. Be1 Nc4 20. Nxc4 Qxc4 21.
Qxc4 Rxc4 22. Bf1 Rcc8 23. Be2 Ra8 24. f3 f6 1/2-1/2

[Event "Veletrzni turnaj 2018"]
[Site "Střední škola informatiky, "]
[Date "2018.08.27"]
[Round "3.11"]
[White "Zabloudil, Radek"]
[Black "Nemec, David"]
[Result "0-1"]
[WhiteElo "1747"]
[BlackElo "1924"]
[PlyCount "68"]
[EventDate "2018.08.26"]

1. e4 d6 2. Nc3 Nf6 3. d3 e5 4. g3 Be7 5. Bg2 O-O 6. Nge2 c6 7. O-O b5 8. a3
Nbd7 9. h3 a5 10. g4 Ne8 11. Ng3 Nb6 12. f4 exf4 13. Bxf4 g6 14. Qf3 Ng7 15.
Qf2 Bb7 16. Nce2 c5 17. Bh6 b4 18. axb4 axb4 19. Rxa8 Qxa8 20. Nf4 Bh4 21. Nfe2
Qd8 22. Qf4 Be7 23. h4 Nd7 24. g5 Ne5 25. d4 cxd4 26. Qd2 Qb6 27. Qxd4 Qxd4+
28. Nxd4 Ra8 29. Bxg7 Kxg7 30. Rd1 Ra2 31. b3 Bd8 32. Kf1 Bb6 33. Nge2 Ng4 34.
Nc1 Ra1 0-1

[Event "Veletrzni turnaj 2018"]
[Site "Střední škola informatiky, "]
[Date "2018.08.27"]
[Round "3.12"]
[White "Vanicek, Jan"]
[Black "Hruza, Dominik"]
[Result "1/2-1/2"]
[WhiteElo "1721"]
[BlackElo "1877"]
[PlyCount "47"]
[EventDate "2018.08.26"]

1. d4 d5 2. Nf3 Nf6 3. h3 e6 4. Bf4 c5 5. e3 Nc6 6. c3 Be7 7. Be2 O-O 8. O-O b6
9. Nbd2 Bb7 10. Bd3 Rc8 11. Re1 cxd4 12. exd4 Re8 13. Re3 g6 14. Qe2 Nh5 15.
Bh6 Bd6 16. Bb5 Ng7 17. Bxg7 Kxg7 18. Ne5 Re7 19. Ndf3 f6 20. Nxc6 Bxc6 21. Ba6
Rcc7 22. Rxe6 Rxe6 23. Qxe6 Re7 24. Qc8 1/2-1/2

[Event "Veletrzni turnaj 2018"]
[Site "Střední škola informatiky, "]
[Date "2018.08.27"]
[Round "3.14"]
[White "Haupt, Jaromir"]
[Black "Dirgas, Josef"]
[Result "1/2-1/2"]
[WhiteElo "1795"]
[BlackElo "2067"]
[PlyCount "107"]
[EventDate "2018.08.26"]

1. c4 e5 2. Nc3 Nc6 3. g3 f5 4. d3 g6 5. Nf3 d6 6. Bg2 Nf6 7. O-O Bg7 8. Rb1 a5
9. a3 O-O 10. Bd2 h6 11. b4 axb4 12. axb4 Be6 13. Nh4 g5 14. Nf3 e4 15. Ne1 d5
16. b5 Ne7 17. cxd5 Nexd5 18. Nxd5 Bxd5 19. Bc3 Re8 20. Nc2 exd3 21. Qxd3 Bxg2
22. Kxg2 Qxd3 23. exd3 Nd5 24. Bxg7 Kxg7 25. Nd4 Kf6 26. Ra1 Rxa1 27. Rxa1 Rd8
28. Ra4 Nb6 29. Rb4 g4 30. h3 h5 31. Ne2 Rxd3 32. Nf4 gxh3+ 33. Kxh3 Rd2 34.
Kg2 Nd5 35. Nxd5+ Rxd5 36. f4 Ke6 37. Kh3 Rd3 38. Kh4 Kd6 39. Kg5 Kc5 40. Rb1
Rxg3+ 41. Kxf5 h4 42. Rc1+ Kb6 43. Ke4 h3 44. f5 h2 45. Rh1 Rh3 46. f6 Kxb5 47.
f7 Rh8 48. Rxh2 Rf8 49. Rf2 c5 50. Kd5 b6 51. Rb2+ Ka5 52. Ra2+ Kb4 53. Rb2+
Ka5 54. Ra2+ 1/2-1/2

[Event "Veletrzni turnaj 2018"]
[Site "Střední škola informatiky, "]
[Date "2018.08.27"]
[Round "3.15"]
[White "Jurak, Stanislav"]
[Black "Mouryc, Tomas"]
[Result "0-1"]
[WhiteElo "1778"]
[BlackElo "1995"]
[Annotator " , "]
[PlyCount "73"]
[EventDate "2018.08.26"]

1. d4 d5 2. c4 c6 3. e3 Nf6 4. Nf3 e6 5. Nc3 Nbd7 6. Bd3 dxc4 7. Bxc4 b5 8. Be2
a6 9. O-O Bb7 10. b3 c5 11. Bb2 Be7 12. dxc5 Bxc5 13. Rc1 Rc8 14. Ne1 O-O 15.
Bf3 Bxf3 16. Nxf3 Qa5 17. Ra1 Rfd8 18. Qb1 Ba3 19. Ne2 Nd5 20. Rc1 Nc5 21. Bxa3
Qxa3 22. Nfd4 b4 23. Rc4 Qa5 24. Qc1 Nb6 25. Rc2 g6 26. Ng3 e5 27. Nf3 Nxb3 28.
axb3 Rxc2 29. Qxc2 Qxa1+ 30. Nf1 Qc3 31. Qa2 e4 32. Nd4 Qc5 33. Qxa6 Nd5 34. h3
Rd6 35. Ng3 Qc1+ 36. Kh2 Qc7 37. Qa4 {necitelne} 0-1

[Event "Veletrzni turnaj 2018"]
[Site "Střední škola informatiky, "]
[Date "2018.08.27"]
[Round "3.16"]
[White "Straka, Vojtech"]
[Black "Nemec, Jakub"]
[Result "1/2-1/2"]
[WhiteElo "1977"]
[BlackElo "1768"]
[PlyCount "40"]
[EventDate "2018.08.26"]

1. d4 d5 2. c4 c6 3. Nc3 Nf6 4. Nf3 e6 5. Bg5 Be7 6. Bxf6 Bxf6 7. e4 dxe4 8.
Nxe4 Qa5+ 9. Qd2 Qxd2+ 10. Nexd2 Nd7 11. Bd3 O-O 12. O-O c5 13. Nb3 cxd4 14.
Nbxd4 Nc5 15. Bc2 b6 16. b4 e5 17. Rab1 exd4 18. bxc5 Be6 19. Be4 Rae8 20. cxb6
axb6 1/2-1/2

[Event "Veletrzni turnaj 2018"]
[Site "Střední škola informatiky, "]
[Date "2018.08.27"]
[Round "3.17"]
[White "Feldvabl, Vilem"]
[Black "Dumkova, Daniela"]
[Result "0-1"]
[WhiteElo "1661"]
[BlackElo "1953"]
[PlyCount "66"]
[EventDate "2018.08.26"]

1. d4 Nf6 2. Bg5 d5 3. e3 e6 4. c4 Be7 5. Nf3 O-O 6. Nbd2 Nbd7 7. Be2 c5 8.
cxd5 Nxd5 9. Bxe7 Qxe7 10. dxc5 Nxc5 11. O-O b6 12. Rc1 Bb7 13. Nb3 Ne4 14. Qc2
f5 15. Nbd2 Rac8 16. Qa4 Nc5 17. Qh4 Nf6 18. Rfd1 e5 19. Bc4+ Kh8 20. Qg5 g6
21. b4 Bxf3 22. gxf3 Ne6 23. Bxe6 Qxe6 24. Nb3 Nd5 25. Rxc8 Rxc8 26. a3 Kg7 27.
e4 fxe4 28. fxe4 Nf4 29. Kh1 Qxb3 30. Qxe5+ Kg8 31. Qxf4 Qxd1+ 32. Kg2 Rf8 33.
Qe3 Qg4+ 0-1

[Event "Veletrzni turnaj 2018"]
[Site "Střední škola informatiky, "]
[Date "2018.08.27"]
[Round "3.18"]
[White "Marsa, Alexandr"]
[Black "Hladky, Tadeas"]
[Result "1/2-1/2"]
[WhiteElo "1910"]
[BlackElo "1758"]
[PlyCount "59"]
[EventDate "2018.08.26"]

1. d4 d5 2. c4 c6 3. Nc3 Nf6 4. e3 g6 5. Be2 Bg7 6. Nf3 O-O 7. h3 Nbd7 8. O-O
Re8 9. cxd5 cxd5 10. Bd2 Nb6 11. Rc1 Bf5 12. Nb5 Nc4 13. b3 Nb2 14. Qe1 Nd3 15.
Bxd3 Bxd3 16. Nc7 Bxf1 17. Qxf1 Rc8 18. Nxe8 Qxe8 19. Rxc8 Qxc8 20. Qc1 Qxc1+
21. Bxc1 Ne4 22. Kf1 Kf8 23. Bb2 Ke8 24. Ke2 Kd7 25. Ne1 Kc6 26. Nd3 e6 27. f3
Ng3+ 28. Kf2 Nf5 29. Ba3 a6 30. g4 1/2-1/2

[Event "Veletrzni turnaj 2018"]
[Site "Střední škola informatiky, "]
[Date "2018.08.27"]
[Round "3.19"]
[White "Licka, Vlastimil"]
[Black "Rehurek, Karel"]
[Result "1/2-1/2"]
[WhiteElo "1900"]
[BlackElo "1728"]
[PlyCount "85"]
[EventDate "2018.08.26"]

1. c4 Nf6 2. Nf3 g6 3. Nc3 d5 4. d4 Bg7 5. h3 O-O 6. cxd5 Nxd5 7. e4 Nxc3 8.
bxc3 c5 9. Be3 cxd4 10. cxd4 Nc6 11. Qd2 Qa5 12. Qxa5 Nxa5 13. Rc1 Nc6 14. Bb5
Nb4 15. a3 a6 16. Be2 Nc6 17. O-O Rd8 18. d5 Ne5 19. Nd4 Nd7 20. f4 Nf6 21. Bf3
Kf8 22. Rc7 Ne8 23. Rc2 Bd7 24. e5 Rdc8 25. Rfc1 Rxc2 26. Rxc2 Rc8 27. Rxc8
Bxc8 28. Nb3 f6 29. e6 f5 30. Nc5 Nd6 31. Nd7+ Ke8 32. Nb6 Bc3 33. Bc5 Ba5 34.
Bd1 Ne4 35. Bd4 Kd8 36. Bc2 Nd6 37. Bd3 Kc7 38. Nxc8 Nxc8 39. Kf2 Nb6 40. Bxb6+
Bxb6+ 41. Kf3 Bc5 42. a4 Kb6 43. Bc4 1/2-1/2

[Event "Veletrzni turnaj 2018"]
[Site "Střední škola informatiky, "]
[Date "2018.08.27"]
[Round "3.20"]
[White "Spodny, Josef"]
[Black "Nekvasil, Radek"]
[Result "1-0"]
[WhiteElo "1872"]
[BlackElo "1720"]
[PlyCount "69"]
[EventDate "2018.08.26"]

1. e4 Nf6 2. e5 Nd5 3. Nc3 e6 4. d4 Bb4 5. Bd2 Nc6 6. Qg4 g6 7. a3 h5 8. Qe4
Nxc3 9. bxc3 d5 10. Qf3 Be7 11. Bd3 Bg5 12. Bxg5 Qxg5 13. Nh3 Qg4 14. Qf6 Rf8
15. O-O h4 16. Nf4 g5 17. Nh3 Ne7 18. Qxg5 Rg8 19. Qxg4 Rxg4 20. Rab1 Ng6 21.
f3 Rf4 22. Bxg6 fxg6 23. Nxf4 Kf7 24. Nh3 b6 25. g4 hxg3 26. hxg3 Ba6 27. Rf2
Rc8 28. Rh2 c5 29. Ng5+ Kg7 30. dxc5 bxc5 31. Kf2 d4 32. Rh7+ Kg8 33. Rbh1 d3
34. Nxe6 d2 35. Rg7# 1-0